Patah tumbuh hilang berganti

Bibliographic Details
Main Author: S. Shahril
Format: Book
Published: Selangor : Pustaka Angsana , 2003
Series:Siri novel menggapai impian
Subjects:

MARC

LEADER 00000cam a2200000 7i4500
001 0000000615
005 20151222.0
008 070702
020 |a 9830212327(set) 
020 |a 9830212394 
090 0 0 |a JF   |b MAL (331) 
100 0 |a S. Shahril 
245 1 0 |a Patah tumbuh hilang berganti   |c S. Shahril 
260 |a Selangor :   |b Pustaka Angsana ,   |c 2003 
440 0 |a Siri novel menggapai impian 
500 |a Children ages 7-9 years old (orange) 
650 0 |a Malay fiction 
999 |a 0000007838   |b Book   |c Children Collection   |e Cawangan Taman Universiti 
999 |a 0000007839   |b Book   |c Children Collection   |e Cawangan Taman Universiti 
999 |a 0000007840   |b Book   |c Children Collection   |e Cawangan Taman Universiti 
999 |a 0000886203   |b Book   |c Children Collection   |e Cawangan Mersing 
999 |a 0000958903   |b Book   |c Children Collection   |e Cawangan Pontian 
999 |a 0000958904   |b Book   |c Children Collection   |e Cawangan Sri Merlong 
999 |a 0000958905   |b Book   |c Children Collection   |e Perbadanan Perpustakaan Awam Johor 
999 |a 0000958907   |b Book   |c Children Collection   |e Perbadanan Perpustakaan Awam Johor 
999 |a 0001054636   |b Book   |c Children Collection   |e Cawangan Taman Universiti 
999 |a 0001054637   |b Book   |c Children Collection   |e Cawangan Bukit Gambir 
999 |a 0001054638   |b Book   |c Children Collection   |e Cawangan Taman Universiti 
999 |a 000886201   |b Book   |c Children Collection   |e Cawangan Muar